[Event "ICS rated bullet match"]
[Site "207.99.83.227"]
[Date "1999.03.22"]
[Round "?"]
[White "Hossa"]
[Black "Gromit211"]
[Result "1-0"]
[WhiteElo "2417"]
[BlackElo "2313"]
[PlyCount "127"]

1. e4 e6 2. d4 d5 3. Nc3 dxe4 4. Nxe4 Qd5 5. Nc3 Bb4 6. Nf3 Nf6 7. Bd3 O-O 8.
O-O Bxc3 9. bxc3 Nc6 10. Bg5 b5 11. Bxf6 gxf6 12. Qd2 f5 13. Qg5+ Kh8 14. Rab1
Qxa2 15. Qh5 f6 16. Bxb5 Bd7 17. Nh4 Be8 18. Qe2 Na5 19. Ra1 Qd5 20. Rxa5 c6
21. Bxc6 Qxc6 22. Ra6 Qe4 23. Qxe4 fxe4 24. Rxe6 f5 25. c4 Rc8 26. c5 Rd8 27.
c3 Bb5 28. Rb1 Bc4 29. Re7 Rb8 30. Rbb7 Rxb7 31. Rxb7 a5 32. g3 a4 33. Ra7 Bb3
34. Ng2 Rg8 35. Nf4 Rc8 36. Nh5 Rf8 37. h4 h6 38. Nf4 Rg8 39. Kg2 Rg7 40. Ra6
Kh7 41. Rb6 Rc7 42. Kh2 Bc4 43. Rb4 Bb3 44. c4 Rd7 45. c6 Rg7 46. Rb7 Bxc4 47.
c7 Ba6 48. c8=Q Bxb7 49. Qxf5+ Kh8 50. Ne6 Rg8 51. Qf6+ Kh7 52. Qf7+ Kh8 53.
Qxb7 a3 54. Qxe4 a2 55. Qe5+ Kh7 56. Qa5 Kg6 57. Qxa2 Rc8 58. Nf4+ Kg7 59. Qa7+
Kf6 60. Qa6+ Ke7 61. Qxc8 h5 62. Qc7+ Kf6 63. f3 Kf5 64. Qe5# {
Gromit211 checkmated} 1-0

[Event "ICS rated blitz match"]
[Site "207.99.83.227"]
[Date "1999.03.22"]
[Round "?"]
[White "Hossa"]
[Black "Gromit211"]
[Result "1/2-1/2"]
[WhiteElo "2342"]
[BlackElo "2548"]
[PlyCount "215"]

1. e4 e5 2. Nf3 Nf6 3. Nc3 Nc6 4. Bc4 Nxe4 5. Nxe4 d5 6. Bd3 dxe4 7. Bxe4 Bd6
8. Bxc6+ bxc6 9. O-O O-O 10. d4 e4 11. Ne5 Qe8 12. Nc4 Ba6 13. Nxd6 cxd6 14.
Re1 Qe7 15. d5 cxd5 16. Be3 Rac8 17. Bd4 f5 18. Qd2 f4 19. Rad1 f3 20. g4 Be2
21. Rc1 Qh4 22. Kh1 a6 23. Rg1 Rfe8 24. Rce1 Bc4 25. a4 Be2 26. Rg3 Rc4 27. b3
Rcc8 28. g5 Qh5 29. g6 hxg6 30. a5 Rc7 31. Reg1 Re6 32. c3 Rb7 33. Rb1 Bd3 34.
Rb2 Rb5 35. b4 Bf1 36. Rb1 Bg2+ 37. Kg1 Qh4 38. Qg5 Qxg5 39. Rxg5 Bh3 40. Rd1
Kf7 41. Rg3 Bg2 42. h4 Rb8 43. Rg5 Rh8 44. Rg4 g5 45. Rxg5 Rxh4 46. Rxg7+ Kf8
47. Rxg2 fxg2 48. Kxg2 Rg6+ 49. Kf1 Rh2 50. Ke2 Ke7 51. b5 axb5 52. Rb1 Rg8 53.
Rxb5 Ke6 54. a6 e3 55. Kxe3 Rh3+ 56. Ke2 Rh4 57. Rb6 Ra8 58. Kd2 Rf4 59. Ke1
Rf7 60. Bc5 Rd8 61. Ke2 Rdd7 62. Ke3 Rfe7 63. Bd4 Re8 64. Kd3 Rf7 65. Ke2 Ref8
66. Bc5 Rd7 67. Rc6 Re8 68. Kd3 Red8 69. f4 Kf5 70. Be3 Re8 71. Bd2 Ke6 72. Bc1
Rf7 73. Be3 Kd7 74. Rb6 Ra8 75. Rb7+ Ke6 76. Rxf7 Kxf7 77. a7 Ke6 78. Bb6 Kd7
79. f5 Rg8 80. Bd4 Ke7 81. f6+ Ke6 82. Kc2 Rc8 83. Kd2 Rd8 84. Kc1 Rf8 85. Kd1
Ra8 86. Ke2 Rg8 87. Ke1 Rd8 88. Kd2 Rc8 89. Ke3 Rg8 90. Ke2 Ra8 91. Kf3 Rd8 92.
Kg3 Rc8 93. Kf2 Rf8 94. Kg2 Re8 95. Kh3 Rg8 96. Kh4 Kf7 97. Kh5 Ke6 98. Kh6 Kf7
99. Kh7 Re8 100. Kh6 Rg8 101. Kh7 Rg2 102. Kh6 Rg6+ 103. Kh5 Rg8 104. Kh4 Ke6
105. Kh5 Kf7 106. Kh4 Ke6 107. Kh5 Kf7 108. Kh4 {Game drawn by repetition}
1/2-1/2

[Event "ICS Rated standard match"]
[Site "207.99.83.227"]
[Date "1999.03.22"]
[Round "?"]
[White "JudgeTurpin"]
[Black "Hossa"]
[Result "1-0"]
[WhiteElo "2381"]
[BlackElo "2209"]
[Annotator "Crafty v16.6"]
[PlyCount "175"]

{annotating for player Hossa using a scoring margin of +0.10 pawns. search
time limit is 12.00} 1. Nf3 1... Nc6 2. d4 d5 3. c4 e6 4. e3 Bb4+ 5. Bd2 Nge7
6. Bxb4 Nxb4 7. Qa4+ Nbc6 8. Nc3 Bd7 9. cxd5 exd5 10. Be2 O-O 11. O-O Bg4 12.
Rfe1 Qd6 13. a3 Rae8 14. Rac1 a6 15. Qd1 Rd8 16. Qd2 Qg6 17. Qd3 Qxd3 18. Bxd3
Bxf3 19. gxf3 Ng6 20. Kg2 Nce7 21. Kg3 Rfe8 22. Na4 c6 23. Nc5 Rb8 24. f4 Nf8
25. b4 Ne6 26. Kf3 Nxc5 27. bxc5 Rbd8 28. Rb1 Rd7 29. Re2 Rc8 30. Reb2 Rcc7 31.
Bf1 f5 32. Rb3 Ng6 33. Bd3 Rf7 34. Rg1 Nf8 35. h4 Ne6 36. Be2 a5 37. Bf1 Rf6
38. Rb1 Rh6 39. Rh1 Re7 40. Bd3 Rf6 41. Rhg1 Kh8 42. Rb3 g6 43. Rb6 Kg7 44. h5
Nf8 45. hxg6 Nxg6 46. Rg5 Ref7 47. Rb1 Kh8 48. Rh1 Ne7 49. Rgg1 Rg6 50. Rxg6
Nxg6 51. Rh5 Ne7 52. Rg5 h6 53. Rg1 Nc8 54. Rg6 Kh7 55. Re6 Ne7 56. Rd6 Ng6 57.
Rd8 h5 58. Ra8 h4 59. Rxa5 Kg7 60. Ra8 Kf6 61. Rd8 Kg7 62. a4 Nf8 63. a5 Ng6
64. Rd6 Ne7 65. Rd7 Kf6 66. Rxb7 h3 67. Kg3 Rh7 68. Kh2 Rh8 69. a6 Ke6 70. a7
Ra8 71. Kxh3 Rh8+ 72. Kg2 Rg8+ 73. Kf3 Ra8 74. Bc2 Kf6 75. Ba4 Ke6 76. Rc7 Kf6
77. Bxc6 Nxc6 78. Rxc6+ Ke7 79. Rc7+ Kf6 80. Rb7 Ke6 81. c6 Kd6 82. c7 Rh8 83.
Rb8 Rh3+ 84. Ke2 Rh8 85. Rxh8 Kxc7 86. a8=Q Kd7 87. Qb7+ Ke6 88. Rh6# 1-0

[Event "ICS rated blitz match"]
[Site "207.99.83.227"]
[Date "1999.03.22"]
[Round "?"]
[White "blueboy"]
[Black "Hossa"]
[Result "0-1"]
[WhiteElo "2114"]
[BlackElo "2351"]
[PlyCount "34"]

1. e4 e5 2. Nf3 Nc6 3. Bb5 a6 4. Bxc6 dxc6 5. h3 Nf6 6. O-O Qe7 7. Re1 Bd7 8.
Nc3 O-O-O 9. d4 exd4 10. Nxd4 Qe5 11. Nf3 Qh5 12. Qe2 Bxh3 13. gxh3 Qxh3 14.
Bf4 Qg4+ 15. Bg3 Bc5 16. Kg2 Nh5 17. Rh1 17... Nf4+ {blueboy resigns} 0-1

[Event "ICS rated bullet match"]
[Site "207.99.83.227"]
[Date "1999.03.22"]
[Round "?"]
[White "rajah"]
[Black "Hossa"]
[Result "1-0"]
[WhiteElo "2452"]
[BlackElo "2474"]
[Annotator "Crafty v16.6"]
[PlyCount "75"]

{annotating for player Hossa using a scoring margin of +0.10 pawns. search
time limit is 12.00} 1. e4 1... e5 2. Nc3 Nf6 3. Nf3 Bb4 4. Nxe5 d6 5. Nf3 O-O
6. Bd3 Re8 7. Qe2 Bf5 8. Nd4 Bg6 ({9:+0.00} 8... Bg6 9. O-O Nbd7 10. Qe3 Bxc3
11. dxc3 Bxe4 12. Qg5 Re5 13. Qf4 $10) ({9:+0.23} 8... Bxe4 9. Nxe4 Nxe4 10.
Bxe4 d5 11. O-O Rxe4 12. Qd3 Qh4 13. Nf5 $10) 9. f3 d5 ({8:+0.14} 9... d5 10.
e5 c5 11. Ndb5 Bxd3 12. cxd3 Nc6 13. f4 13... Qd7 $10) ({8:+0.26} 9... Nbd7 10.
Ndb5 d5 11. a3 Bxc3 12. Nxc3 dxe4 13. Bxe4 Nc5 14. d3 $10) 10. e5 c5 11. Ndb5
Bxd3 12. cxd3 Nc6 13. f4 a6 14. Na3 Bxa3 15. bxa3 g5 ({9:-0.42} 15... g5 16. g3
c4 17. dxc4 Nd4 18. Qd1 dxc4 19. h4 19... g4 $14) ({9:+0.01} 15... Nd4 16. Qd1
Ng4 17. O-O Nh6 18. Rb1 Qd7 19. Ne2 Nxe2+ 20. Qxe2 20... Ng4 $10) 16. g3 d4 17.
Ne4 Nxe4 18. dxe4 d3 19. Qf2 Nd4 20. Rb1 Nc2+ 21. Kf1 b6 22. Bb2 g4 23. h3 Qd7
24. hxg4 Qxg4 25. Rh6 Re6 26. Rh4 Qg7 27. Qf3 Rd8 28. f5 Rh6 29. e6 f6 30. Rg4
Rh1+ 31. Kf2 Rxb1 32. Bxf6 Qg6 33. fxg6 h5 34. Bxd8 Rf1+ 35. Kxf1 Ne3+ 36. dxe3
hxg4 37. Qf7+ Kh8 38. Bf6# 1-0

[Event "ICS Rated blitz match"]
[Site "207.99.83.227"]
[Date "1999.03.22"]
[Round "?"]
[White "Hossa"]
[Black "JUNIORE"]
[Result "1-0"]
[WhiteElo "2358"]
[BlackElo "2137"]
[PlyCount "69"]

1. e4 c5 2. Bc4 e6 3. Nc3 Nc6 4. Nf3 Nge7 5. O-O d6 6. d3 g6 7. d4 cxd4 8. Nxd4
Bg7 9. Ndb5 O-O 10. Qxd6 Qxd6 11. Nxd6 Bxc3 12. bxc3 Ne5 13. Bg5 N7c6 14. Bb3
b6 15. Rad1 Ba6 16. Rfe1 Na5 17. Be7 Rfb8 18. Bf6 Nec4 19. e5 h5 20. Rd4 b5 21.
a4 Nb2 22. axb5 Bxb5 23. Rb1 Nxb3 24. cxb3 Nd3 25. Nxb5 Rxb5 26. Rxd3 a5 27.
Rbd1 Kh7 28. Rd8 Rxd8 29. Rxd8 g5 30. Rh8+ Kg6 31. Rg8+ Kf5 32. f3 Kf4 33. Kf2
g4 34. g3+ Kf5 35. Rg5# {JUNIORE checkmated} 1-0

[Event "ICS rated blitz match"]
[Site "207.99.83.227"]
[Date "1999.03.22"]
[Round "?"]
[White "MickeyRourke"]
[Black "Hossa"]
[Result "0-1"]
[WhiteElo "2162"]
[BlackElo "2365"]
[PlyCount "50"]

1. e4 c5 2. Nh3 d6 3. g3 Nf6 4. d3 d5 5. e5 Ng4 6. Qe2 Nc6 7. f4 Nd4 8. Qg2
Nxe5 9. fxe5 Bxh3 10. Qxh3 Nxc2+ 11. Kf2 Nxa1 12. Nc3 e6 13. d4 a6 14. Bd3 cxd4
15. Ne2 Qa5 16. Bg5 Qxa2 17. Bg6 hxg6 18. Qxh8 d3 19. Nf4 Qxb2+ 20. Kf3 Qxe5
21. Nxd3 Qe4+ 22. Kf2 Qxh1 23. Ne5 Rc8 24. h4 Rc2+ 25. Ke3 25... Qe4# {
MickeyRourke checkmated} 0-1

[Event "ICS rated bullet match"]
[Site "207.99.83.227"]
[Date "1999.03.22"]
[Round "?"]
[White "Hossa"]
[Black "Faj"]
[Result "1-0"]
[WhiteElo "2457"]
[BlackElo "2181"]
[PlyCount "47"]

1. e4 d5 2. exd5 Nf6 3. c4 e6 4. dxe6 Bxe6 5. Nf3 Nc6 6. Be2 Bc5 7. O-O Qd7 8.
d3 O-O-O 9. Be3 Bxe3 10. fxe3 Rhe8 11. Nc3 Bg4 12. Qd2 Bxf3 13. Rxf3 Ne5 14.
Rf4 c5 15. Rd1 Ng6 16. Rff1 Qe6 17. d4 Qxe3+ 18. Qxe3 Rxe3 19. dxc5 Ne5 20.
Rxd8+ Kxd8 21. Rd1+ Kc7 22. Nb5+ Kc6 23. b4 a6 24. Rd6# {Faj checkmated} 1-0

[Event "ICS rated bullet match"]
[Site "207.99.83.227"]
[Date "1999.03.22"]
[Round "?"]
[White "Hossa"]
[Black "Faj"]
[Result "0-1"]
[WhiteElo "2467"]
[BlackElo "2171"]
[Annotator "Crafty v16.6"]
[PlyCount "100"]

{annotating for player Hossa using a scoring margin of +0.10 pawns. search
time limit is 12.00} 1. e4 1... d5 2. exd5 Nf6 3. Bb5+ ({9:+0.51} 3. Bb5+ 3...
Bd7 4. Bc4 b5 5. Bb3 Na6 6. Nf3 Nc5 7. Nc3 Nxb3 8. axb3 $14) ({9:+0.67} 3. c4
3... c6 4. dxc6 Nxc6 5. Nf3 Nd4 6. Nxd4 Qxd4 7. Be2 Be6 8. Na3 $14) 3... Bd7 4.
Bc4 b5 5. Bb3 Bg4 6. f3 Bc8 7. a4 ({9:+0.75} 7. a4 7... b4 8. c4 Na6 9. Ne2 Nc5
10. Bc2 Ba6 11. d4 $16) ({9:+0.93} 7. Qe2 7... a6 8. c4 Nbd7 9. Nc3 Nc5 10. Bc2
b4 11. d4 $16) 7... b4 8. c4 c6 9. dxc6 Nxc6 10. Ne2 e5 11. f4 e4 12. Bc2 ({
9:-0.39} 12. Bc2 12... Bc5 13. h3 Qb6 14. b3 Bd4 15. Nxd4 Qxd4 16. Ra2 16...
O-O $15) ({9:-0.25} 12. a5 12... Nxa5 13. Ba4+ Ke7 14. h3 Be6 15. c5 Rc8 16.
Qc2 Qd3 17. Qxd3 17... exd3 $10) 12... Bc5 13. b3 ({8:-0.91} 13. b3 13... Bg4
14. Bb2 Nd4 15. Bxd4 Bxd4 16. Ra2 O-O 17. c5 $17) ({8:-0.62} 13. h3 13... Qb6
14. b3 O-O 15. Bb2 Bf2+ 16. Kf1 Bf5 17. Bxf6 gxf6 18. d3 $15) 13... O-O 14. Bb2
({8:-1.48} 14. Bb2 14... Ng4 15. Bxe4 Nf2 16. Qc2 Nxh1 17. Bxc6 17... Rb8 $17)
({8:-0.82} 14. h3 14... Nh5 15. g3 Qf6 16. Ra2 Bf5 17. Bb2 17... Qd6 $17) 14...
Re8 15. d4 ({8:-2.93} 15. d4 15... exd3 16. Bxd3 Ng4 17. Qc2 Bf2+ 18. Kd2 Ne3
19. Qc1 19... Nxg2 $19) ({8:-0.82} 15. h3 15... Nd4 16. Nxd4 Bxd4 17. Bxd4 Qxd4
18. Ra2 Bd7 19. g4 19... Rad8 $17) 15... exd3 16. Qxd3 Nd4 17. Bxd4 Bxd4 18.
Ra2 Bg4 19. f5 Rxe2+ 20. Qxe2 Bxe2 21. Kxe2 Qe7+ 22. Kd1 Ng4 23. Kc1 Qe3+ 24.
Nd2 Bc3 25. Be4 Rd8 26. Bd5 Nf2 27. Rd1 Nxd1 28. Kxd1 Kf8 29. Nf3 Rxd5+ 30.
cxd5 Qd3+ 31. Nd2 Qxd5 32. a5 Bxd2 33. Rxd2 Qxb3+ 34. Kc1 Qc3+ 35. Rc2 Qe1+ 36.
Kb2 Qe5+ 37. Kb3 Qxa5 38. Rc8+ Ke7 39. Rh8 Qa3+ 40. Kc4 Qc3+ 41. Kb5 b3 42. Ka4
b2 43. Rb8 Qc2+ 44. Ka3 b1=Q 45. Rxb1 Qxb1 46. g4 Kd6 47. f6 gxf6 48. h4 Kc5
49. g5 Kc4 50. gxf6 Qb3# 0-1

[Event "ICS rated blitz match"]
[Site "207.99.83.227"]
[Date "1999.03.22"]
[Round "?"]
[White "Hossa"]
[Black "PostModernist"]
[Result "0-1"]
[WhiteElo "2373"]
[BlackElo "2548"]
[Annotator "Crafty v16.6"]
[PlyCount "178"]

{annotating for player Hossa using a scoring margin of +0.10 pawns. search
time limit is 12.00} 1. e4 1... e6 2. d4 d5 3. Nc3 Bb4 4. exd5 exd5 5. Bd3 Ne7
6. Nge2 ({8:-0.10} 6. Nge2 6... O-O 7. O-O Bg4 8. Bf4 Nbc6 9. Nb5 9... Rc8 $10)
({8:+0.05} 6. Nf3 6... O-O 7. O-O Nbc6 8. Re1 Be6 9. Bg5 9... Re8 $10) 6... Bf5
7. Bxf5 Nxf5 8. Qd3 Qd7 9. O-O Nc6 10. Nb5 O-O-O 11. c3 Be7 12. Bf4 Bd6 13.
Nxd6+ Nxd6 14. Bxd6 Qxd6 15. Rfe1 Rde8 16. Qf5+ Qd7 17. Qxd7+ Kxd7 18. Nf4 Kd6
19. Rxe8 Rxe8 20. h4 a5 21. a4 g6 22. Ra3 b6 23. Rb3 Re1+ 24. Kh2 Na7 25. Ra3
f5 26. Kg3 Re8 27. Ra1 Nc8 28. b4 axb4 29. cxb4 Ne7 30. b5 Ra8 31. Ne2 c5 32.
dxc5+ bxc5 33. a5 d4 34. f4 Nd5 35. Ra3 c4 36. Nxd4 Kc5 37. Ne6+ Kxb5 38. Nd4+
Kc5 39. Nc2 Ra6 40. Ra1 h5 41. Kf3 Kb5 42. Nd4+ Kc5 43. Nc2 Nc3 44. Ra3 Ne4 45.
Ke2 Nd6 46. Re3 Ne4 47. Ra3 Nd6 48. Re3 Rxa5 49. Re5+ Kb6 50. Re6 Kc7 51. Ne3
Ra2+ 52. Kf3 Kd7 53. Rxg6 c3 54. Rg5 c2 55. Nxc2 Rxc2 56. Rxh5 Rc3+ 57. Ke2 Ke6
58. Rh6+ Kd5 59. Rg6 Ne4 60. Rg7 Ke6 61. Kd1 Rg3 62. Rxg3 Nxg3 63. Kd2 Kf7 64.
Ke3 Nh5 65. Kf2 Nf6 66. Ke3 Kg7 67. Kf2 Kh6 68. g3 Kh5 69. Kf3 Nd5 70. Kf2 Kg4
71. h5 Kxh5 72. Kg2 Kg4 73. Kf2 Nxf4 74. gxf4 Kxf4 75. Kg2 Ke3 76. Kh2 f4 77.
Kh3 f3 78. Kh4 f2 79. Kh5 f1=Q 80. Kh6 Qg2 81. Kh7 Ke2 82. Kh8 Qg3 83. Kh7 Kd2
84. Kh8 Qg1 85. Kh7 Ke3 86. Kh8 Kf4 87. Kh7 Ke5 88. Kh8 Kf6 89. Kh7 Qg7# 0-1

[Event "ICS rated blitz match"]
[Site "207.99.83.227"]
[Date "1999.03.22"]
[Round "?"]
[White "jo"]
[Black "Hossa"]
[Result "0-1"]
[WhiteElo "2466"]
[BlackElo "2364"]
[PlyCount "90"]

1. e4 c5 2. Nf3 Nc6 3. Bb5 a6 4. Bxc6 dxc6 5. O-O Bg4 6. d3 e6 7. h3 Bxf3 8.
Qxf3 Nf6 9. Nc3 Be7 10. Be3 O-O 11. a4 Qd6 12. a5 Rad8 13. Rfe1 Qe5 14. Bf4 Qh5
15. Qxh5 Nxh5 16. Be3 Nf6 17. Bg5 Rfe8 18. Na4 Rc8 19. Ra3 c4 20. Raa1 cxd3 21.
cxd3 Rcd8 22. Red1 Nh5 23. Be3 Bb4 24. Kf1 Bxa5 25. Nc5 Bb4 26. Nxb7 Rd7 27.
Na5 Rc7 28. Nc4 Ra8 29. Ra4 c5 30. Rda1 Rc6 31. Ke2 a5 32. b3 Rca6 33. g3 f5
34. e5 f4 35. Bxf4 Nxf4+ 36. gxf4 g6 37. R1a2 Bc3 38. Ke3 Kg7 39. Ke4 Rd8 40.
Nxa5 Rd4+ 41. Ke3 Rxa4 42. Rxa4 Rxa5 43. Rc4 Bd4+ 44. Ke4 Rb5 45. Rxd4 45...
cxd4 {jo resigns} 0-1

[Event "ICS rated blitz match"]
[Site "207.99.83.227"]
[Date "1999.03.22"]
[Round "?"]
[White "Hossa"]
[Black "Speedy"]
[Result "1-0"]
[WhiteElo "2385"]
[BlackElo "2257"]
[PlyCount "51"]

1. e4 c5 2. Bc4 a6 3. Nc3 b5 4. Bxf7+ Kxf7 5. Qh5+ g6 6. Qd5+ e6 7. Qxa8 Nc6 8.
Nf3 Qc7 9. d3 b4 10. Ne2 h6 11. Bf4 d6 12. e5 d5 13. Nh4 Bb7 14. Qxf8+ Kxf8 15.
Nxg6+ Kg7 16. Nxh8 Kxh8 17. O-O Qf7 18. a3 a5 19. Bg3 Nge7 20. axb4 cxb4 21.
Rfd1 Nf5 22. f3 Nxg3 23. Nxg3 Kg7 24. f4 Ne7 25. Rxa5 Nf5 26. Nxf5+ {
Speedy resigns} 1-0

[Event "ICS rated blitz match"]
[Site "207.99.83.227"]
[Date "1999.03.22"]
[Round "?"]
[White "SJ64"]
[Black "Hossa"]
[Result "0-1"]
[WhiteElo "2153"]
[BlackElo "2395"]
[PlyCount "64"]

1. d4 Nf6 2. e3 e6 3. Bd3 Be7 4. f4 O-O 5. Nf3 b6 6. O-O Bb7 7. Nbd2 d5 8. c3
c5 9. Ne5 Nc6 10. Qf3 Rc8 11. Kh1 Bd6 12. h3 cxd4 13. exd4 Qe7 14. Re1 Bc7 15.
Nf1 Nxe5 16. fxe5 Ne4 17. Ng3 Qh4 18. Bf4 g5 19. Nxe4 dxe4 20. Bxe4 Bxe4 21.
Rxe4 gxf4 22. Rxf4 Qh6 23. Rf1 f5 24. Qf2 Rf7 25. Rh4 Qg7 26. Qf4 Bd8 27. Rh5
Rf8 28. Rf3 Kh8 29. Rg3 Qf7 30. Rh6 Rg8 31. Rxg8+ Qxg8 32. g4 32... Bg5 {
SJ64 resigns} 0-1

[Event "ICS rated blitz match"]
[Site "207.99.83.227"]
[Date "1999.03.22"]
[Round "?"]
[White "Hossa"]
[Black "SJ64"]
[Result "1-0"]
[WhiteElo "2401"]
[BlackElo "2147"]
[PlyCount "105"]

1. e4 e5 2. Nf3 Nc6 3. Bb5 a6 4. Bxc6 dxc6 5. d4 exd4 6. Qxd4 Qxd4 7. Nxd4 Nf6
8. Nd2 Be7 9. O-O c5 10. N4f3 b6 11. b3 Bb7 12. Bb2 O-O 13. Bxf6 Bxf6 14. e5
Be7 15. c4 Rad8 16. Rae1 Rd3 17. e6 fxe6 18. Rxe6 Bf6 19. Ne4 Kf7 20. Nfg5+ Kg8
21. Nxf6+ gxf6 22. Nh3 Kf7 23. Rfe1 Rfd8 24. Re7+ Kg8 25. Rxc7 Rd1 26. Rf1 Be4
27. Nf4 R8d2 28. f3 Bf5 29. Nd5 Bd3 30. Nxf6+ Kf8 31. Rxd1 Rxd1+ 32. Kf2 Ra1
33. Ke3 Bg6 34. Nxh7+ Ke8 35. Nf6+ Kd8 36. Rd7+ Kc8 37. Rg7 Bc2 38. Nd7 Kc7 39.
Nxc5+ Kc6 40. Nxa6 Rxa2 41. Nb4+ Kc5 42. Nxa2 Bxb3 43. Rg5+ Kxc4 44. Nc1 Bc2
45. f4 b5 46. f5 b4 47. f6 b3 48. Nxb3 Kxb3 49. f7 Kb2 50. Rb5+ Kc1 51. f8=Q
Bb1 52. Qf2 Bc2 53. Qd2# {SJ64 checkmated} 1-0

[Event "ICS rated blitz match"]
[Site "207.99.83.227"]
[Date "1999.03.22"]
[Round "?"]
[White "SJ64"]
[Black "Hossa"]
[Result "0-1"]
[WhiteElo "2141"]
[BlackElo "2407"]
[PlyCount "50"]

1. d4 Nf6 2. e3 e6 3. Bd3 Be7 4. f4 O-O 5. Nh3 d5 6. O-O Nc6 7. c3 b6 8. Nf2
Bb7 9. Nd2 Bd6 10. Nf3 Qe7 11. Ne5 Qe8 12. Qf3 Rd8 13. Bd2 Ne7 14. g4 Nd7 15.
Qh3 Nf6 16. g5 Ne4 17. Be1 Nf5 18. Nfg4 c5 19. Kh1 cxd4 20. exd4 f6 21. gxf6
gxf6 22. Rg1 Kh8 23. Ng6+ Qxg6 24. Ne5 Qh6 25. Ng6+ 25... hxg6 {SJ64 resigns}
0-1

[Event "ICS rated blitz match"]
[Site "207.99.83.227"]
[Date "1999.03.22"]
[Round "?"]
[White "Hossa"]
[Black "jollyjumber"]
[Result "1-0"]
[WhiteElo "2413"]
[BlackElo "2213"]
[PlyCount "129"]

1. e4 c5 2. Bc4 e6 3. Nc3 Nc6 4. Nf3 a6 5. d4 cxd4 6. Nxd4 Nf6 7. Nxc6 dxc6 8.
Qxd8+ Kxd8 9. Bf4 Be7 10. Na4 Nh5 11. O-O-O+ Ke8 12. Nb6 Nxf4 13. Nxa8 b5 14.
Bf1 Bd8 15. h4 Bb7 16. h5 e5 17. h6 g6 18. g3 Ne6 19. Bh3 Bxa8 20. Bxe6 fxe6
21. f3 Bg5+ 22. Kb1 Rf8 23. Rd3 Bb7 24. b3 Be7 25. a4 Bc8 26. axb5 axb5 27. c4
bxc4 28. bxc4 Kf7 29. Ka2 Rd8 30. Rdd1 Rxd1 31. Rxd1 Ke8 32. Kb3 Bd7 33. Ra1
Bf8 34. c5 Bxc5 35. Ra8+ Kf7 36. Rh8 Bf8 37. Rxh7+ Ke8 38. Rh8 Kf7 39. h7 Bg7
40. Rg8 c5 41. Kc4 Ba4 42. h8=Q Bxh8 43. Rxh8 Bd1 44. Rh2 Ke7 45. Rf2 g5 46.
Kxc5 g4 47. fxg4 Bxg4 48. Kc6 Bd1 49. Kb6 Bb3 50. Rd2 Bc4 51. g4 Bb3 52. Kb5
Kf6 53. Kb4 Bd5 54. g5+ Kxg5 55. exd5 exd5 56. Rxd5 Kf4 57. Kc5 e4 58. Kd4 Kf3
59. Rf5+ Kg3 60. Ke3 Kg4 61. Re5 Kg3 62. Rxe4 Kg2 63. Rg4+ Kf1 64. Rg3 Ke1 65.
Rg1# {jollyjumber checkmated} 1-0

[Event "ICS rated bullet match"]
[Site "207.99.83.227"]
[Date "1999.03.22"]
[Round "?"]
[White "sienna"]
[Black "Hossa"]
[Result "1-0"]
[WhiteElo "2736"]
[BlackElo "2440"]
[Annotator "Crafty v16.6"]
[PlyCount "63"]

{annotating for player Hossa using a scoring margin of +0.10 pawns. search
time limit is 12.00} 1. d4 1... Nf6 2. c4 g6 3. Nc3 Bg7 4. e4 d6 5. f3 O-O 6.
Be3 Nbd7 7. Qd2 e5 ({8:+0.17} 7... e5 8. d5 Nc5 9. Nh3 Bxh3 10. gxh3 Nfd7 11.
O-O-O 11... Qf6 $10) ({8:+0.33} 7... c5 8. dxc5 Nxc5 9. e5 Nfd7 10. exd6 exd6
11. Qxd6 Be5 12. Qd5 Bxc3+ 13. bxc3 $15) 8. d5 Ne8 ({8:-0.02} 8... Ne8 9. Nge2
Nef6 10. Ng3 Nc5 11. Bh6 Bxh6 12. Qxh6 12... Bd7 $10) ({8:+0.20} 8... Nb6 9. g3
Bd7 10. Bh6 Bxh6 11. Qxh6 c6 12. dxc6 Bxc6 13. Nh3 $10) 9. g4 Qh4+ 10. Bf2 Qd8
({9:-0.06} 10... Qd8 11. h4 Nc5 12. h5 Bd7 13. h6 Bh8 14. Nge2 14... Nf6 $10) (
{9:+0.06} 10... Qf6 11. h4 Nc5 12. h5 Bd7 13. g5 Qf4 14. Qxf4 exf4 15. hxg6
fxg6 16. Bxc5 16... dxc5 $10) 11. Be3 Ndf6 12. Bd3 c6 13. dxc6 bxc6 14. h4 Be6
15. h5 gxh5 ({8:-1.25} 15... gxh5 16. gxh5 Nd7 17. h6 Bf6 18. Qg2+ Kh8 19. Qf2
a5 20. Nge2 $16) ({8:-0.84} 15... Nc7 16. hxg6 fxg6 17. Nh3 d5 18. Bc5 Re8 19.
Ng5 dxc4 20. Nxe6 Nxe6 21. Bxc4 Qxd2+ 22. Kxd2 $16) 16. gxh5 Nd7 17. O-O-O Qa5
18. Nge2 Nb6 19. h6 Bf6 20. Bg5 Bxg5 21. Qxg5+ Kh8 22. Qe7 Rg8 23. Rdg1 Nd7 24.
Rxg8+ Kxg8 25. Qg5+ Kh8 26. Nf4 Nc5 27. Qe7 f6 28. Qf8+ Bg8 29. Rg1 Nxd3+ 30.
Nxd3 Qd5 31. Qg7+ Nxg7 32. hxg7# 1-0

[Event "ICS rated blitz match"]
[Site "207.99.83.227"]
[Date "1999.03.22"]
[Round "?"]
[White "hnishy"]
[Black "Hossa"]
[Result "1-0"]
[WhiteElo "2204"]
[BlackElo "2421"]
[Annotator "Crafty v16.6"]
[PlyCount "101"]

{annotating for player Hossa using a scoring margin of +0.10 pawns. search
time limit is 12.00} 1. e4 1... e5 2. Bc4 Nc6 3. d3 Nf6 ({8:-0.34} 3... Nf6 4.
Nf3 Bb4+ 5. Bd2 Qe7 6. O-O O-O 7. Bxb4 Qxb4 8. Qc1 $14) ({8:-0.17} 3... Na5 4.
Nd2 Nxc4 5. Nxc4 f6 6. Nf3 b5 7. Na3 Bb4+ 8. Bd2 $10) 4. Nf3 Bc5 5. O-O O-O 6.
h3 d6 ({9:-0.08} 6... d6 7. Bb5 Nd4 8. Nxd4 exd4 9. Bg5 c6 10. Bc4 b5 11. Bb3
$10) ({9:+0.21} 6... d5 7. exd5 Nxd5 8. Nbd2 Bf5 9. Re1 Nf4 10. Bb5 f6 11. Bxc6
11... bxc6 $10) 7. c3 Bd7 8. Bg5 Na5 9. Bb3 Nxb3 10. axb3 Bb5 ({8:-0.57} 10...
Bb5 11. b4 Bb6 12. c4 Bd7 13. Nc3 c6 14. Qe2 $14) ({8:-0.25} 10... h6 11. Bd2
Nh7 12. b4 Bb6 13. c4 f5 14. Nc3 fxe4 15. dxe4 $10) 11. b4 Bb6 12. c4 Bc6 ({
9:-0.73} 12... Bc6 13. Nc3 a6 14. Qe2 Qe7 15. Be3 Bxe3 16. Qxe3 b5 17. b3 bxc4
18. bxc4 $16) ({9:-0.51} 12... Bd7 13. Nc3 c6 14. Qd2 Qe7 15. Be3 Bc7 16. Ng5
16... d5 $14) 13. Nc3 a6 14. Nd5 Bxd5 15. cxd5 Rc8 16. Qb3 Qe7 17. b5 a5 18.
Nd2 Ra8 19. Nc4 Ra7 20. Nxb6 cxb6 21. Rac1 h6 22. Bxf6 Qxf6 23. Rc7 Kh8 24. Qc2
Qd8 25. Rc1 Kh7 26. Qd2 Qe8 27. Qe3 Qxb5 28. Re7 Qxb2 29. Rcc7 Qb1+ 30. Kh2 Kg8
31. Qf3 Qc1 32. Rxf7 Qxc7 33. Rxf8+ Kh7 34. Qf5+ g6 35. Qf6 Qg7 36. Rf7 Qxf7
37. Qxf7+ Kh8 38. Qe8+ Kg7 39. Qe7+ Kh8 40. Qf8+ Kh7 41. Qb8 g5 42. Qxa7 g4 43.
Qxb7+ Kg8 44. Qxb6 h5 45. Qxa5 gxh3 46. Kxh3 Kh8 47. Qc7 Kg8 48. Kh4 Kh8 49.
Kxh5 Kg8 50. Kg6 Kh8 51. Qg7# 1-0

[Event "ICS rated blitz match"]
[Site "207.99.83.227"]
[Date "1999.03.23"]
[Round "?"]
[White "Hossa"]
[Black "hnishy"]
[Result "1-0"]
[WhiteElo "2396"]
[BlackElo "2237"]
[PlyCount "40"]

1. e4 e6 2. d4 d5 3. Nc3 Nf6 4. e5 Nfd7 5. Nf3 c5 6. dxc5 Bxc5 7. Bb5 O-O 8.
O-O a6 9. Bd3 Nc6 10. Bf4 h6 11. Qd2 b5 12. Rae1 Nb4 13. Be2 Bb7 14. a4 d4 15.
Nb1 Qb6 16. axb5 axb5 17. Nxd4 Bxd4 18. Qxb4 Rfc8 19. Rd1 Bxe5 20. Rxd7 20...
Bxf4 {hnishy resigns} 1-0